000
00515nam a2200181Ia 4500
008
100917s9999 xx 000 0 und d
082
_b
58182
100
_a
चिपळूणकर विष्णुशास्त्री
245
_a
इतिहास
260
_b
चित्रशाळा प्रकाशन
_c
1950
300
_a
56
365
_b
1
520
_a
निबंध
630
_a
इतिहास
650
_a
निबंध
730
_a
इतिहास
942
_c
BOOK
999
_c
663576
_d
663573